000
00277 a2200109 4500
001
60237
082
_a
954.91 MOI
090
_c
36978
_d
36978
100
_a
Ministry of Information
245
_a
Pakistan 2003 To 2004 An Official
260
_a
islamabad
_b
ministry of information
942
_a
caenust
_k
954.91 MOI
999
_c
295310
_d
295310